000 00500nam a2200169Ia 4500
008 090201s9999 xx 000 0 und d
010 _aKPL-44534
040 _bमराठी
041 _aमराठी
082 _a31366
_b44534
100 _aहेमंत सावंत
245 _aकर्तव्य
_cहेमंत सावंत
260 _c2004
_bआशिष प्रकाशन
300 _a156
_bमोठा
600 _aकर्तव्य
942 _cBOOK
999 _c229826
_d229826